01522cam a2200397 i 450000100090000000300040000900500170001300800410003001000170007102000180008802000150010603500240012104000280014504200140017305000230018708200150021010000380022524502300026325000180049326400430051126400110055430000590056533600260062433700280065033800270067850000200070565000150072565000410074070000300078170000390081170000420085090600450089294200360093795201340097399900170110719249345OSt20230904113636.0160825s2018 maua 001 0 eng  a 2016952397 a9781305506725 a1305506723 a(OCoLC)ocn973415961 aMYGbengcMYGerdadDLC alccopycat00aHB171.5b.G96 2018 a330bGWA/E1 aGwartney, James D.eauthor.9941110aEconomics :bprivate and public choice /cJames D. Gwartney (Florida State University), Richard L. Stroup (Montana State University), Russell S. Sobel, (The Citadel), David A. Macpherson (Trinity University, San Antonio, TX). a16th edition. 1aAustralia :bCengage Learning,c[2018] 4c©2018 axxix, 753 pages :billustrations (some color) ;c28 cm atextbtxt2rdacontent aunmediatedbn2rdamedia avolumebnc2rdacarrier aIncludes index. 0aEconomics. 7aEconomics.2fast0(OCoLC)fst009021161 aStroup, Richard,eauthor.1 aSobel, Russell S.,d1968-eauthor.1 aMacpherson, David A.,d1960-eauthor. a7bcbcccopycatd2encipf20gy-gencatlg 2ddccBKh330iGWA/Ek330mGWA/E 00102ddc40708ECONOMICSaMESbMEScECO d2023-09-04l0o330 GWA/Ep42316r2023-09-04 11:39:31v21370.72w2023-09-04yBKzGL1R2 c42093d42093